|
|
|
|
| LEADER |
01046nam a2200241 a 4500 |
| 001 |
13093436 |
| 008 |
090826r20092004njua 001 0 eng d |
| 010 |
|
|
|a 2003043265
|
| 020 |
|
|
|a 9788126513949 (pbk. : acid-free paper)
|
| 040 |
|
|
|a DLC
|c DLC
|d DLC
|
| 082 |
0 |
0 |
|a 519.4/0285
|2 21
|
| 100 |
1 |
|
|a Gilat, Amos.
|
| 245 |
1 |
0 |
|a MATLAB :
|b an introduction with applications /
|c Amos Gilat.
|
| 260 |
|
|
|a Hoboken, NJ :
|b Wiley,
|c c2004.[reprinted 2009]
|
| 300 |
|
|
|a viii, 296 p. :
|b ill. ;
|c 24 cm.
|
| 504 |
|
|
|a Includes index.
|
| 541 |
1 |
|
|e 00018664
|
| 630 |
0 |
0 |
|a MATLAB.
|
| 650 |
|
0 |
|a Numerical analysis
|x Data processing.
|
| 852 |
4 |
|
|a Ayesha Abed Library
|j General Shelf.
|
| 999 |
|
|
|c 3558
|d 3558
|
| 952 |
|
|
|0 0
|1 0
|2 ddc
|4 0
|6 519_402850000000000_GIL_2009
|7 0
|9 3230
|a BRACUL
|b BRACUL
|c GEN
|d 2009-09-02
|g 730.00
|l 14
|m 118
|o 519.40285 GIL
|p 3010018664
|r 2019-05-13
|s 2019-01-14
|t 1
|w 2009-09-02
|y BK
|
| 952 |
|
|
|0 0
|1 2
|2 ddc
|4 0
|6 519_402850000000000_GIL
|7 0
|9 10127
|a BRACUL
|b BRACUL
|c GEN
|d 2010-05-13
|l 1
|m 10
|o 519.40285 GIL
|p 3010018663
|q 2018-01-23
|r 2010-05-13
|s 2010-05-13
|t 2
|w 2010-05-13
|y BK
|